Telegram - Werenoi - Statistiques

Statistiques générales
  • Ce quiz a été pris 120 fois
  • Le résultat moyen est 10 sur 14
Statistiques - réponses
Nom du son Featuring % Correct
14 3 singes Ninho
96%
11 Selfie Maes
93%
8 Sale histoire Rimkus
83%
2 Jamal
78%
10 Solitaire
72%
1 Vulgaire
72%
13 All eyes on me
70%
3 Crédibilité
70%
4 Balmain
67%
5 Le sas
65%
7 Ndrangheta
65%
12 Ordinateur
64%
6 7 vie la
59%
9 Déjà vu
59%
Aucun quiz correspondant
Distribution des résultats
% des personnes avec chaque résultat
Percentile par nombre de réponses
Votre historique - résultats
Vous n’avez pas pris ce quiz